Významné životné jubileum

Bibliographic Details
Main Author: Marcinková, J. (Author)
Corporate Author: Nemocnica s poliklinikou (Gelnica, Slovensko) (Author)
Format: Article
Language:Slovak
PhysicalDescription:1 foto
ISSN:1335-3284
Subjects:

MARC

LEADER 00000nab a2200000 a 4500
001 vtls001016818
003 SK-MaSNL
005 20260303035325.0
008 040720e20010000xo 0 slo
035 |a SN2768 
040 |a SNSK  |b slo  |c SNSK  |e AACR2 
041 0 |a slo 
044 |a xo  |c SK 
080 |a 614.23  |2 1981 
080 |a 929  |2 1981 
080 |a 362.111  |2 1981 
100 1 |a Marcinková, J.  |4 aut  |9 1021776 
245 1 0 |a Významné životné jubileum 
300 |b 1 foto 
590 |a Mikuš, František  |b slov. lekár 
600 1 7 |a Mikuš, František  |2 SNSK  |9 1021908 
610 2 7 |a Nemocnica s poliklinikou (Gelnica, Slovensko)  |2 SNSK  |9 59007 
650 0 7 |a pôsobenie  |2 SNSK  |9 877655 
651 7 |a Gelnica (Slovensko)  |2 SNSK  |9 16801 
651 7 |a GL,  |2 SNSK  |9 1021384 
655 7 |a periodikum  |2 snkbucl  |9 29553 
710 2 |a Nemocnica s poliklinikou (Gelnica, Slovensko)  |4 aut  |9 59007 
773 0 8 |t Gelničan  |g Roč. 10, č.11 (2001), s. 2  |x 1335-3284 
852 |a ZVYKNI  |b KIS3GCP 
999 |c 1677021  |d 1678951